| 000 | 00409nam a2200157Ia 4500 | ||
|---|---|---|---|
| 003 | GCL | ||
| 008 | 140319s9999 xx 000 0 ara d | ||
| 040 |
_aGCL / _cGCL |
||
| 082 | 0 | 4 |
_aد _b050 |
| 100 | 1 | _aحسن عبدالسلام | |
| 245 | 1 | 0 |
_aنحن المعمرون (اقرا 110 ) / _cحسن عبدالسلام |
| 300 | _a127 | ||
| 490 |
_aاقرأ _v0 |
||
| 650 | 0 | 4 | _aالمعمرون |
| 942 |
_2ddc _cBK |
||
| 999 |
_c48618 _d48618 |
||